000 00810nam a2200265Ia 4500
001 dia_4259
003 CHAP
005 20230119104749.0
007 ta
008 220117s1987 mx f 000 0 spa d
010 _a174907
040 _cCHAP
_amxchpua
090 _aFOLLETO 2785
100 1 _aDavalos González, Pedro A.
_933086
245 1 0 _aVariedades de fresa introducida con adaptación para el bajío /
_cPedro A. Dávalos González
260 _aMéxico :
_bSARH, Instituto nacional de investigaciones forestales y agropecuarias,
_c1987
300 _a8 páginas
440 _942067
_aFolleto técnico
_n4
500 _aD.
650 1 7 _aFresas
_943185
901 _aFOLLETO 2785
902 _aM
905 _a0000001987 mx 0000000000spa00
942 _cFOLL
_2local
999 _c174907
_d174907